Normal view
MARC view
- Corcuera, Ruth
Entry Personal Name
001 - CONTROL NUMBER
- control field: 24406
003 - CONTROL NUMBER IDENTIFIER
- control field: NUST
005 - DATE AND TIME OF LATEST TRANSACTION
- control field: 20191018123117.0
008 - FIXED-LENGTH DATA ELEMENTS
- fixed length control field: 191018|| aca||aabn | a|a d
040 ## - CATALOGING SOURCE
- Original cataloging agency: NUST
- Transcribing agency: NUST
100 ## - HEADING--PERSONAL NAME
- Personal name: Corcuera, Ruth
670 ## - SOURCE DATA FOUND
- Source citation: Work cat.: (NUST): Corcuera, Ruth, Guardianes del paraiso /, 2012.
